Aviramam: (Record no. 181961)

000 -LEADER
fixed length control field 00442nam a22001697a 4500
020 ## - INTERNATIONAL STANDARD BOOK NUMBER
ISBN 9788198286253
082 ## - DEWEY DECIMAL CLASSIFICATION NUMBER
Classification number M803
Item number SAC/A
100 ## - MAIN ENTRY--AUTHOR NAME
Personal name Sachidanandan K.
245 ## - TITLE STATEMENT
Title Aviramam:
Sub Title aathmaakhyaanangal/
Statement of responsibility, etc by Sachidanandan K.
260 ## - PUBLICATION, DISTRIBUTION, ETC. (IMPRINT)
Place of publication India:
Name of publisher Carnet Books,
Year of publication 2026.
300 ## - PHYSICAL DESCRIPTION
Number of Pages 271p.
650 ## - SUBJECT ADDED ENTRY--TOPICAL TERM
Topical Term Memoirs Sachidanandan K.
650 ## - SUBJECT ADDED ENTRY--TOPICAL TERM
Topical Term Memoirs Malayalam
650 ## - SUBJECT ADDED ENTRY--TOPICAL TERM
Topical Term Literature Malayalam
650 ## - SUBJECT ADDED ENTRY--TOPICAL TERM
Topical Term Literature
942 ## - ADDED ENTRY ELEMENTS (KOHA)
Koha item type Book
Holdings
Withdrawn status Lost status Damaged status Not for loan Permanent Location Current Location Shelving location Date acquired Cost, normal purchase price Full call number Accession Number Price effective from Koha item type
        Sree Sankaracharya University of Sanskrit Sree Sankaracharya University of Sanskrit Stacks 03.06.2026 450.00 M803 SAC/A 109076 03.06.2026 Book